U.S. States with highest COVID-19 Rates (8/22) - Statistics

General Stats
  • This quiz has been taken 18 times
  • The average score is 10 of 12
Answer Stats
Infection rate State % Correct
2782 per 100,000 people Florida
100%
2161 per 100,000 people South Carolina
100%
2206 per 100,000 people New York
94%
2335 per 100,000 people Alabama
88%
2351 per 100,000 people Georgia
81%
2596 per 100,000 people Mississippi
81%
2021 per 100,000 people Texas
81%
2718 per 100,000 people Arizona
75%
2112 per 100,000 people Nevada
75%
2131 per 100,000 people New Jersey
75%
3048 per 100,000 people Louisiana
69%
2062 per 100,000 people Tennessee
63%
No matching quizzes found
Score Distribution
Percent of People with Each Score
Percentile by Number Answered
Your Score History
You have not taken this quiz